LIBRARY & INFORMATION CENTRE, KCAET, TAVANUR

ONLINE PUBLIC ACCESS CATALOGUE (OPAC)

Panchayat raj / (Record no. 8387)

MARC details
000 -LEADER
fixed length control field 00453cam a2200193ua 4500
041 ## - LANGUAGE CODE
Language code of text/sound track or separate title hin
082 ## - DEWEY DECIMAL CLASSIFICATION NUMBER
Classification number 891.54
Item number GAN/PA
100 ## - MAIN ENTRY--AUTHOR NAME
Personal name Gandhiji, .
245 ## - TITLE STATEMENT
Title Panchayat raj /
250 ## - EDITION STATEMENT
Edition statement 1 /
260 ## - PUBLICATION, DISTRIBUTION, ETC. (IMPRINT)
Place of publication Ahmadabad :
Name of publisher Navajivan publishing house ,
Year of publication 1959.
300 ## - PHYSICAL DESCRIPTION
Number of Pages 42 ; .
942 ## - ADDED ENTRY ELEMENTS (KOHA)
Koha item type Books
Holdings
Withdrawn status Lost status Damaged status Home library Current library Date acquired Full call number Accession Number Koha item type
Withdrawn     KAUAET Kelappaji 07/04/2012 891.54 2348 Books
Withdrawn     KAUAET Malayalam University 07/04/2012 891.54 2457 Books
free website counter